000 00694nam a2200229 i 4500
001 42807
003 ES-MaACL
005 20250712062541.0
007 t|
008 030314s1952 sp ||||1| spa d
080 _a914.6-17(079.3)
100 1 _aCela, Camilo José,
_d1916-2002
_937336
245 1 4 _aDel Miño al Bidasoa
_b: notas de un vagabundaje /
_cCamilo José Cela.
250 _a3ª ed.
260 _aBarcelona :
_bNoguer,
_c1952.
300 _a275 p. :
_bil. ;
_c26 cm.
490 1 _aEl espejo y la pluma ;
_v1
651 4 _aEspaña septentrional-
_xDescripción.
_9167912
830 1 _aEl espejo y la pluma ;
_v1
_9181958
852 4 _aES-MaACL
_jC-5980
999 _c42807
_d42807